[Event "DEM U18w 2018"]
[Site "Willingen GER"]
[Date "2018.05.21"]
[Round "3"]
[White "Riegel, Arinna"]
[Black "Reinecke, Katharina"]
[Result "1/2-1/2"]
[Termination "normal"]
[Board "7"]
[WhiteElo "1906"]
[BlackElo "1905"]
[WhiteClock "00:41:51"]
[BlackClock "00:04:24"]
[PlyCount "61"]
[WhiteFideId "12931446"]
[BlackFideId "12929727"]
[EventCountry "GER"]
[EventRounds "9"]
[EventType "swiss"]
[EventDate "2018.05.19"]

1. Nf3 {[%clk 1:30:50]} 1... d5 {[%clk 1:30:55]} 2. g3 {[%clk 1:31:05]} 2...
Bg4 {[%clk 1:31:19]} 3. Bg2 {[%clk 1:31:27]} 3... Nd7 {[%clk 1:31:42]} 4. d4 {
[%clk 1:31:28]} 4... e6 {[%clk 1:31:05]} 5. O-O {[%clk 1:31:53]} 5... Ngf6 {
[%clk 1:30:40]} 6. b3 {[%clk 1:30:01]} 6... c6 {[%clk 1:26:44]} 7. Nbd2 { [%clk
1:24:13]} 7... Be7 {[%clk 1:24:34]} 8. Bb2 {[%clk 1:24:27]} 8... O-O { [%clk
1:24:02]} 9. c4 {[%clk 1:24:53]} 9... Qc7 {[%clk 1:14:54]} 10. Re1 { [%clk
1:24:07]} 10... Rad8 {[%clk 1:07:38]} 11. Qc2 {[%clk 1:21:13]} 11... Bf5 {[%clk
1:05:51]} 12. Qc3 {[%clk 1:15:01]} 12... Ne4 {[%clk 1:02:07]} 13. Nxe4 { [%clk
1:13:37]} 13... Bxe4 {[%clk 1:02:06]} 14. cxd5 {[%clk 1:13:54]} 14... exd5
{[%clk 1:00:55]} 15. a4 {[%clk 1:11:32]} 15... a5 {[%clk 0:54:46]} 16. Ba3
{[%clk 1:10:29]} 16... Bxa3 {[%clk 0:53:58]} 17. Rxa3 {[%clk 1:10:57]} 17...
Qb6 {[%clk 0:44:00]} 18. Nh4 {[%clk 1:08:26]} 18... Bxg2 {[%clk 0:41:09]} 19.
Kxg2 {[%clk 0:58:58]} 19... Nf6 {[%clk 0:35:00]} 20. e3 {[%clk 0:56:04]} 20...
Ne4 {[%clk 0:33:58]} 21. Qd3 {[%clk 0:50:30]} 21... Qb4 {[%clk 0:33:20]} 22.
Rea1 {[%clk 0:50:46]} 22... Rfe8 {[%clk 0:24:02]} 23. Nf3 {[%clk 0:50:24]}
23... Re6 {[%clk 0:17:31]} 24. R3a2 {[%clk 0:49:33]} 24... Rf6 {[%clk 0:15:37]}
25. Rc2 {[%clk 0:48:38]} 25... Re8 {[%clk 0:13:25]} 26. Rf1 {[%clk 0:48:06]}
26... Rfe6 {[%clk 0:10:36]} 27. Re1 {[%clk 0:46:42]} 27... Ra8 {[%clk 0:08:48]}
28. Rec1 {[%clk 0:44:13]} 28... Rae8 {[%clk 0:05:53]} 29. Re1 {[%clk 0:44:07]}
29... Rf6 {[%clk 0:05:27]} 30. Ree2 {[%clk 0:43:41]} 30... Qe7 {[%clk 0:04:24]}
31. Nd2 {[%clk 0:41:51]} 1/2-1/2

[Event "DEM U18w 2018"]
[Site "Willingen GER"]
[Date "2018.05.21"]
[Round "3"]
[White "Zell, Mirjam"]
[Black "Poetsch, Leonore"]
[Result "0-1"]
[Termination "normal"]
[Board "8"]
[WhiteElo "1829"]
[BlackElo "1902"]
[WhiteClock "00:27:26"]
[BlackClock "00:56:16"]
[PlyCount "90"]
[WhiteFideId "16208544"]
[BlackFideId "12940372"]
[EventCountry "GER"]
[EventRounds "9"]
[EventType "swiss"]
[EventDate "2018.05.19"]

1. e4 {[%clk 1:30:56]} 1... e6 {[%clk 1:30:56]} 2. d4 {[%clk 1:31:18]} 2... d5
{[%clk 1:31:22]} 3. exd5 {[%clk 1:31:35]} 3... exd5 {[%clk 1:31:48]} 4. Bd3 {
[%clk 1:31:54]} 4... Nc6 {[%clk 1:32:12]} 5. c3 {[%clk 1:32:13]} 5... Bd6 {
[%clk 1:32:28]} 6. Qf3 {[%clk 1:32:22]} 6... Nge7 {[%clk 1:31:26]} 7. Ne2 {
[%clk 1:31:55]} 7... O-O {[%clk 1:31:22]} 8. O-O {[%clk 1:30:04]} 8... Be6 {
[%clk 1:28:26]} 9. Bf4 {[%clk 1:13:23]} 9... Ng6 {[%clk 1:19:57]} 10. Bg3 {
[%clk 1:09:23]} 10... Qd7 {[%clk 1:13:44]} 11. Nd2 {[%clk 1:06:09]} 11... Rae8
{[%clk 1:10:01]} 12. h3 {[%clk 0:58:50]} 12... Nce7 {[%clk 1:06:51]} 13. Nf4 {
[%clk 0:46:28]} 13... Nxf4 {[%clk 1:05:21]} 14. Bxf4 {[%clk 0:46:44]} 14...
Bxf4 {[%clk 1:04:06]} 15. Qxf4 {[%clk 0:47:06]} 15... Bf5 {[%clk 1:03:24]} 16.
Bxf5 {[%clk 0:44:36]} 16... Nxf5 {[%clk 1:03:41]} 17. Rfe1 {[%clk 0:43:29]}
17... Nd6 {[%clk 1:01:44]} 18. Nf3 {[%clk 0:41:22]} 18... Qb5 {[%clk 0:57:34]}
19. Qd2 {[%clk 0:36:35]} 19... Nc4 {[%clk 0:55:38]} 20. Qc2 {[%clk 0:27:45]}
20... Qxb2 {[%clk 0:53:17]} 21. Qxb2 {[%clk 0:25:04]} 21... Nxb2 { [%clk
0:53:26]} 22. Rab1 {[%clk 0:24:09]} 22... Rxe1+ {[%clk 0:52:52]} 23. Nxe1
{[%clk 0:24:32]} 23... Re8 {[%clk 0:51:47]} 24. Kf1 {[%clk 0:24:48]} 24... Nc4
{[%clk 0:51:06]} 25. Nf3 {[%clk 0:20:30]} 25... b6 {[%clk 0:47:46]} 26. Rd1 {
[%clk 0:17:52]} 26... f6 {[%clk 0:47:07]} 27. g3 {[%clk 0:15:20]} 27... Kf7 {
[%clk 0:45:49]} 28. Nh4 {[%clk 0:14:34]} 28... Re6 {[%clk 0:41:54]} 29. Ng2 {
[%clk 0:10:34]} 29... g5 {[%clk 0:40:38]} 30. Rd3 {[%clk 0:10:37]} 30... f5 {
[%clk 0:39:24]} 31. h4 {[%clk 0:08:18]} 31... h6 {[%clk 0:39:18]} 32. hxg5 {
[%clk 0:07:43]} 32... hxg5 {[%clk 0:39:42]} 33. f4 {[%clk 0:08:04]} 33... g4 {
[%clk 0:39:30]} 34. Kf2 {[%clk 0:07:29]} 34... b5 {[%clk 0:37:50]} 35. Ne1 {
[%clk 0:04:54]} 35... Ra6 {[%clk 0:35:45]} 36. Rd1 {[%clk 0:02:47]} 36... Rxa2+
{[%clk 0:35:59]} 37. Kg1 {[%clk 0:03:09]} 37... a5 {[%clk 0:33:50]} 38. Rc1 {
[%clk 0:02:39]} 38... Ne3 {[%clk 0:29:29]} 39. Rb1 {[%clk 0:01:36]} 39... c6 {
[%clk 0:28:52]} 40. Rc1 {[%clk 0:01:39]} 40... Rd2 {[%clk 0:28:45]} 41. Ra1 {
[%clk 0:27:41]} 41... a4 {[%clk 0:58:13]} 42. Rb1 {[%clk 0:26:56]} 42... Ke6 {
[%clk 0:58:00]} 43. Ra1 {[%clk 0:26:40]} 43... Rd1 {[%clk 0:57:41]} 44. Ra2 {
[%clk 0:27:02]} 44... Rxe1+ {[%clk 0:57:10]} 45. Kf2 {[%clk 0:27:26]} 45...
Rf1+ {[%clk 0:56:16]} 0-1

[Event "DEM U18w 2018"]
[Site "Willingen GER"]
[Date "2018.05.21"]
[Round "3"]
[White "Leser, Katrin"]
[Black "Möller, Hannah"]
[Result "1-0"]
[Termination "normal"]
[Board "9"]
[WhiteElo "1862"]
[BlackElo "1807"]
[WhiteClock "00:27:27"]
[BlackClock "00:42:37"]
[PlyCount "89"]
[WhiteFideId "12997692"]
[BlackFideId "1270514"]
[EventCountry "GER"]
[EventRounds "9"]
[EventType "swiss"]
[EventDate "2018.05.19"]

1. e4 {[%clk 1:30:58]} 1... d6 {[%clk 1:30:56]} 2. d4 {[%clk 1:31:21]} 2... Nf6
{[%clk 1:30:58]} 3. Nc3 {[%clk 1:31:23]} 3... e5 {[%clk 1:31:11]} 4. Nf3 {
[%clk 1:15:09]} 4... exd4 {[%clk 1:31:24]} 5. Nxd4 {[%clk 1:14:42]} 5... Be7 {
[%clk 1:31:35]} 6. Bc4 {[%clk 1:06:52]} 6... O-O {[%clk 1:25:52]} 7. O-O {
[%clk 1:06:34]} 7... Re8 {[%clk 1:26:17]} 8. Re1 {[%clk 1:04:49]} 8... Bf8 {
[%clk 1:26:20]} 9. Bg5 {[%clk 1:02:35]} 9... c6 {[%clk 1:24:54]} 10. a4 { [%clk
0:59:18]} 10... Nbd7 {[%clk 1:16:13]} 11. h3 {[%clk 0:57:32]} 11... g6 { [%clk
1:14:20]} 12. Qd2 {[%clk 0:54:36]} 12... Bg7 {[%clk 1:13:46]} 13. Bh6 { [%clk
0:50:34]} 13... Bh8 {[%clk 1:10:57]} 14. Nf5 {[%clk 0:39:41]} 14... Ne5 { [%clk
1:05:12]} 15. Nxd6 {[%clk 0:38:03]} 15... Nxc4 {[%clk 0:59:00]} 16. Nxc4 {[%clk
0:38:03]} 16... Be6 {[%clk 0:58:26]} 17. Qe2 {[%clk 0:32:27]} 17... Qc7 {[%clk
0:56:26]} 18. Rad1 {[%clk 0:28:06]} 18... Rad8 {[%clk 0:55:04]} 19. Ne3 {[%clk
0:21:54]} 19... Qb6 {[%clk 0:50:05]} 20. Rxd8 {[%clk 0:18:50]} 20... Rxd8
{[%clk 0:49:56]} 21. Rd1 {[%clk 0:18:07]} 21... Rd7 {[%clk 0:47:55]} 22. Rxd7
{[%clk 0:16:08]} 22... Nxd7 {[%clk 0:48:12]} 23. Ned5 {[%clk 0:08:10]} 23...
cxd5 {[%clk 0:42:21]} 24. exd5 {[%clk 0:08:33]} 24... Nf8 {[%clk 0:41:30] } 25.
dxe6 {[%clk 0:08:39]} 25... Nxe6 {[%clk 0:40:34]} 26. Nd5 {[%clk 0:08:30] }
26... Qd8 {[%clk 0:39:29]} 27. Qb5 {[%clk 0:07:54]} 27... b6 {[%clk 0:35:01]}
28. c4 {[%clk 0:07:48]} 28... Bg7 {[%clk 0:33:19]} 29. Bxg7 {[%clk 0:08:06]}
29... Kxg7 {[%clk 0:33:42]} 30. Qb3 {[%clk 0:07:53]} 30... Nc5 {[%clk 0:28:08]}
31. Qc3+ {[%clk 0:07:49]} 31... f6 {[%clk 0:28:33]} 32. b3 {[%clk 0:06:35]}
32... a6 {[%clk 0:27:02]} 33. Qe3 {[%clk 0:06:30]} 33... Kf7 {[%clk 0:26:36]}
34. Qh6 {[%clk 0:05:21]} 34... Kg8 {[%clk 0:25:06]} 35. Qe3 {[%clk 0:04:15]}
35... Kf7 {[%clk 0:25:07]} 36. Qh6 {[%clk 0:04:11]} 36... Kg8 {[%clk 0:25:30]}
37. Qf4 {[%clk 0:03:17]} 37... f5 {[%clk 0:20:25]} 38. Qe3 {[%clk 0:03:06]}
38... Kf7 {[%clk 0:20:07]} 39. a5 {[%clk 0:03:09]} 39... Qd6 {[%clk 0:16:42]}
40. axb6 {[%clk 0:03:13]} 40... a5 {[%clk 0:16:06]} 41. Qc3 {[%clk 0:28:31]}
41... Ne4 {[%clk 0:44:03]} 42. Qxa5 {[%clk 0:28:16]} 42... Qe5 {[%clk 0:42:45]}
43. b7 {[%clk 0:27:18]} 43... Qd4 {[%clk 0:42:15]} 44. Qc7+ {[%clk 0:27:27]}
44... Ke6 {[%clk 0:42:37]} 45. Qe7# 1-0

[Event "DEM U18w 2018"]
[Site "Willingen GER"]
[Date "2018.05.21"]
[Round "3"]
[White "Giede, Anna-Blume"]
[Black "Kolb, Verena"]
[Result "1/2-1/2"]
[Termination "normal"]
[Board "10"]
[WhiteElo "1629"]
[BlackElo "1665"]
[WhiteClock "00:01:31"]
[BlackClock "00:00:55"]
[PlyCount "66"]
[WhiteFideId "12921980"]
[BlackFideId "12992313"]
[EventCountry "GER"]
[EventRounds "9"]
[EventType "swiss"]
[EventDate "2018.05.19"]

1. e4 {[%clk 1:30:58]} 1... c6 {[%clk 1:30:52]} 2. d4 {[%clk 1:31:22]} 2... d5
{[%clk 1:31:20]} 3. exd5 {[%clk 1:31:42]} 3... cxd5 {[%clk 1:31:47]} 4. c4 {
[%clk 1:31:53]} 4... Nf6 {[%clk 1:32:10]} 5. Nc3 {[%clk 1:31:43]} 5... Nc6 {
[%clk 1:32:31]} 6. Nf3 {[%clk 1:28:55]} 6... Bg4 {[%clk 1:32:40]} 7. cxd5 {
[%clk 1:26:13]} 7... Nxd5 {[%clk 1:32:54]} 8. Bb5 {[%clk 1:23:22]} 8... Rc8 {
[%clk 1:19:03]} 9. O-O {[%clk 1:15:55]} 9... e6 {[%clk 1:09:54]} 10. Be3 {
[%clk 0:52:03]} 10... Qa5 {[%clk 0:31:01]} 11. Bxc6+ {[%clk 0:40:12]} 11...
Rxc6 {[%clk 0:30:17]} 12. Ne4 {[%clk 0:33:30]} 12... Be7 {[%clk 0:23:13]} 13.
Ng3 {[%clk 0:24:56]} 13... Bd6 {[%clk 0:19:22]} 14. Re1 {[%clk 0:16:43]} 14...
O-O {[%clk 0:14:27]} 15. h3 {[%clk 0:16:00]} 15... Bxf3 {[%clk 0:12:11]} 16.
Qxf3 {[%clk 0:16:23]} 16... Rc2 {[%clk 0:11:13]} 17. Re2 {[%clk 0:13:11]} 17...
Rfc8 {[%clk 0:10:41]} 18. Ne4 {[%clk 0:12:08]} 18... Qb6 {[%clk 0:08:29]} 19.
b3 {[%clk 0:06:39]} 19... Ba3 {[%clk 0:03:10]} 20. Rxc2 {[%clk 0:04:09]} 20...
Rxc2 {[%clk 0:03:32]} 21. Ng5 {[%clk 0:03:09]} 21... Qc7 {[%clk 0:03:12]} 22.
Qe4 {[%clk 0:01:55]} 22... g6 {[%clk 0:01:40]} 23. Nf3 {[%clk 0:01:37]} 23...
Bb2 {[%clk 0:01:26]} 24. Rf1 {[%clk 0:01:24]} 24... Nb4 {[%clk 0:00:40]} 25.
Ne1 {[%clk 0:00:43]} 25... Rc6 {[%clk 0:00:37]} 26. Qb1 {[%clk 0:00:47]} 26...
Bc1 {[%clk 0:00:37]} 27. Nd3 {[%clk 0:00:38]} 27... Nxd3 {[%clk 0:00:34]} 28.
Qxd3 {[%clk 0:01:04]} 28... Rc3 {[%clk 0:00:33]} 29. Qe4 {[%clk 0:00:49]} 29...
Bxe3 {[%clk 0:00:37]} 30. fxe3 {[%clk 0:01:15]} 30... Rc2 {[%clk 0:00:47]} 31.
Rf2 {[%clk 0:00:40]} 31... Rc1+ {[%clk 0:00:49]} 32. Rf1 {[%clk 0:01:05]} 32...
Rxf1+ {[%clk 0:00:53]} 33. Kxf1 {[%clk 0:01:31]} 33... Qc1+ {[%clk 0:00:55]}
1/2-1/2

[Event "DEM U18w 2018"]
[Site "Willingen GER"]
[Date "2018.05.21"]
[Round "3"]
[White "Schmidt, Aliyah"]
[Black "Jörs, Pia-Milena"]
[Result "0-1"]
[Termination "normal"]
[Board "12"]
[WhiteElo "1388"]
[BlackElo "1557"]
[WhiteClock "01:07:14"]
[BlackClock "01:07:41"]
[PlyCount "30"]
[WhiteFideId "16240103"]
[BlackFideId "12964646"]
[EventCountry "GER"]
[EventRounds "9"]
[EventType "swiss"]
[EventDate "2018.05.19"]

1. e4 {[%clk 1:30:57]} 1... c5 {[%clk 1:30:54]} 2. Nc3 {[%clk 1:31:16]} 2... e6
{[%clk 1:31:19]} 3. g3 {[%clk 1:30:37]} 3... d5 {[%clk 1:31:40]} 4. exd5 {
[%clk 1:30:23]} 4... exd5 {[%clk 1:32:02]} 5. Bg2 {[%clk 1:30:03]} 5... Nf6 {
[%clk 1:32:16]} 6. d4 {[%clk 1:26:04]} 6... cxd4 {[%clk 1:32:31]} 7. Qxd4 {
[%clk 1:26:26]} 7... Nc6 {[%clk 1:32:45]} 8. Qd1 {[%clk 1:20:05]} 8... d4 {
[%clk 1:26:18]} 9. Nb5 {[%clk 1:15:39]} 9... Qa5+ {[%clk 1:23:45]} 10. c3 {
[%clk 1:10:35]} 10... Qxb5 {[%clk 1:22:25]} 11. cxd4 {[%clk 1:10:49]} 11...
Qb4+ {[%clk 1:15:17]} 12. Kf1 {[%clk 1:11:11]} 12... Nxd4 {[%clk 1:14:20]} 13.
Be3 {[%clk 1:09:26]} 13... Qc4+ {[%clk 1:13:15]} 14. Ne2 {[%clk 1:09:31]} 14...
Nc2 {[%clk 1:07:51]} 15. Qd3 {[%clk 1:07:14]} 15... Qxd3 {[%clk 1:07:41]} 0-1

[Event "DEM U18w 2018"]
[Site "Willingen GER"]
[Date "2018.05.21"]
[Round "3"]
[White "König, Emmilie"]
[Black "Mylke, Sandy-Michelle"]
[Result "1/2-1/2"]
[Termination "normal"]
[Board "13"]
[WhiteElo "1539"]
[BlackElo "1100"]
[WhiteClock "00:26:43"]
[BlackClock "00:36:51"]
[PlyCount "99"]
[WhiteFideId "16218329"]
[BlackFideId "16235045"]
[EventCountry "GER"]
[EventRounds "9"]
[EventType "swiss"]
[EventDate "2018.05.19"]

1. d4 {[%clk 1:30:59]} 1... d5 {[%clk 1:30:49]} 2. Bf4 {[%clk 1:31:25]} 2... e6
{[%clk 1:30:14]} 3. e3 {[%clk 1:31:41]} 3... Bd6 {[%clk 1:29:24]} 4. Bg3 {
[%clk 1:32:06]} 4... Nf6 {[%clk 1:28:33]} 5. Nd2 {[%clk 1:31:08]} 5... Ne4 {
[%clk 1:27:37]} 6. Nxe4 {[%clk 1:30:44]} 6... dxe4 {[%clk 1:27:46]} 7. Qg4 {
[%clk 1:30:27]} 7... O-O {[%clk 1:25:51]} 8. Qxe4 {[%clk 1:30:26]} 8... Bd7 {
[%clk 1:23:35]} 9. Qxb7 {[%clk 1:26:50]} 9... Bc6 {[%clk 1:22:17]} 10. Qb3 {
[%clk 1:27:00]} 10... Nd7 {[%clk 1:21:47]} 11. Rb1 {[%clk 1:27:05]} 11... Rb8 {
[%clk 1:21:41]} 12. Qc3 {[%clk 1:27:05]} 12... Bb4 {[%clk 1:22:00]} 13. Ne2 {
[%clk 1:27:14]} 13... Bxc3+ {[%clk 1:22:18]} 14. Nxc3 {[%clk 1:27:43]} 14...
Nf6 {[%clk 1:21:58]} 15. Bd3 {[%clk 1:27:14]} 15... Bxg2 {[%clk 1:21:47]} 16.
Rg1 {[%clk 1:27:31]} 16... Bc6 {[%clk 1:21:20]} 17. Bf4 {[%clk 1:27:20]} 17...
Re8 {[%clk 1:19:14]} 18. Bh6 {[%clk 1:25:11]} 18... g6 {[%clk 1:19:02]} 19. Bg5
{[%clk 1:25:28]} 19... Kg7 {[%clk 1:13:48]} 20. Be4 {[%clk 1:24:07]} 20... Qd7
{[%clk 1:12:53]} 21. Bxf6+ {[%clk 1:22:12]} 21... Kxf6 {[%clk 1:13:05]} 22. Bd3
{[%clk 1:19:33]} 22... e5 {[%clk 1:12:43]} 23. dxe5+ {[%clk 1:18:36]} 23...
Rxe5 {[%clk 1:13:02]} 24. b3 {[%clk 1:16:27]} 24... Kg7 {[%clk 1:12:05]} 25.
Rd1 {[%clk 1:15:36]} 25... Qh3 {[%clk 1:10:32]} 26. Rg3 {[%clk 1:03:47]} 26...
Qxh2 {[%clk 1:09:05]} 27. Bf1 {[%clk 1:01:43]} 27... Rf5 {[%clk 1:08:37]} 28.
Rd2 {[%clk 0:58:57]} 28... Re8 {[%clk 1:06:19]} 29. Nd1 {[%clk 0:56:22]} 29...
Bf3 {[%clk 0:56:34]} 30. Rh3 {[%clk 0:53:17]} 30... Qf4 {[%clk 0:54:34]} 31.
Be2 {[%clk 0:52:14]} 31... Bg2 {[%clk 0:51:47]} 32. exf4 {[%clk 0:50:23]} 32...
Bxh3 {[%clk 0:52:03]} 33. Rd3 {[%clk 0:48:52]} 33... Bg4 {[%clk 0:51:40]} 34.
f3 {[%clk 0:45:55]} 34... Bh3 {[%clk 0:48:25]} 35. Kf2 {[%clk 0:42:54]} 35...
Rh5 {[%clk 0:46:22]} 36. Ne3 {[%clk 0:38:14]} 36... Bc8 {[%clk 0:39:40]} 37.
Rc3 {[%clk 0:36:30]} 37... Re7 {[%clk 0:38:52]} 38. Kg1 {[%clk 0:32:01]} 38...
f5 {[%clk 0:26:41]} 39. a4 {[%clk 0:24:05]} 39... g5 {[%clk 0:25:52]} 40. Bf1 {
[%clk 0:23:13]} 40... gxf4 {[%clk 0:19:20]} 41. Nd5 {[%clk 0:21:30]} 41... Rg5+
{[%clk 0:19:06]} 42. Kf2 {[%clk 0:19:59]} 42... Rd7 {[%clk 0:19:08]} 43. Nxc7 {
[%clk 0:14:34]} 43... Rd2+ {[%clk 0:18:32]} 44. Ke1 {[%clk 0:13:42]} 44... Rh2
{[%clk 0:17:39]} 45. Ne8+ {[%clk 0:10:42]} 45... Kh8 {[%clk 0:08:33]} 46. Rxc8
{[%clk 0:06:01]} 46... Rg8 {[%clk 0:08:37]} 47. c3 {[%clk 0:02:29]} 47... Rh6 {
[%clk 0:07:09]} 48. Bc4 {[%clk 0:26:47]} 48... Rh1+ {[%clk 0:36:41]} 49. Kf2 {
[%clk 0:26:35]} 49... Rh2+ {[%clk 0:36:51]} 50. Kf1 {[%clk 0:26:43]} 1/2-1/2

[Event "DEM U18w 2018"]
[Site "Willingen GER"]
[Date "2018.05.22"]
[Round "4"]
[White "Sewald, Kathrin"]
[Black "Sieber, Fiona"]
[Result "0-1"]
[Termination "normal"]
[Board "1"]
[BlackTitle "WIM"]
[WhiteElo "2035"]
[BlackElo "2234"]
[WhiteClock "00:15:32"]
[BlackClock "00:29:38"]
[PlyCount "56"]
[WhiteFideId "12964557"]
[BlackFideId "12902373"]
[EventCountry "GER"]
[EventRounds "9"]
[EventType "swiss"]
[EventDate "2018.05.19"]

1. e4 {[%clk 1:30:59]} 1... c5 {[%clk 1:30:56]} 2. d3 {[%clk 1:31:24]} 2... d5
{[%clk 1:31:22]} 3. Nd2 {[%clk 1:31:32]} 3... Nc6 {[%clk 1:31:39]} 4. g3 {
[%clk 1:31:21]} 4... Nf6 {[%clk 1:31:59]} 5. Bg2 {[%clk 1:31:05]} 5... Bg4 {
[%clk 1:31:40]} 6. f3 {[%clk 1:29:06]} 6... Bd7 {[%clk 1:31:46]} 7. Ne2 { [%clk
1:25:36]} 7... e5 {[%clk 1:19:48]} 8. O-O {[%clk 1:21:50]} 8... Be7 { [%clk
1:11:34]} 9. h3 {[%clk 1:17:20]} 9... dxe4 {[%clk 1:06:12]} 10. fxe4 { [%clk
1:11:29]} 10... Be6 {[%clk 1:00:44]} 11. Nf3 {[%clk 1:05:41]} 11... Qc7 { [%clk
1:00:38]} 12. Be3 {[%clk 0:57:32]} 12... h6 {[%clk 0:57:16]} 13. Nh4 { [%clk
0:48:43]} 13... g6 {[%clk 0:54:55]} 14. Qc1 {[%clk 0:47:38]} 14... Nh5 { [%clk
0:53:30]} 15. Nf3 {[%clk 0:40:36]} 15... g5 {[%clk 0:50:54]} 16. Nh2 { [%clk
0:36:02]} 16... Nd4 {[%clk 0:46:48]} 17. Bxd4 {[%clk 0:31:24]} 17... exd4
{[%clk 0:46:23]} 18. g4 {[%clk 0:30:19]} 18... Bd6 {[%clk 0:46:03]} 19. gxh5 {
[%clk 0:27:18]} 19... Bxh2+ {[%clk 0:46:26]} 20. Kh1 {[%clk 0:27:43]} 20...
O-O-O {[%clk 0:43:47]} 21. Qd2 {[%clk 0:25:40]} 21... Be5 {[%clk 0:41:34]} 22.
b4 {[%clk 0:24:44]} 22... g4 {[%clk 0:39:27]} 23. h4 {[%clk 0:24:52]} 23... Qe7
{[%clk 0:39:17]} 24. Rfb1 {[%clk 0:21:32]} 24... c4 {[%clk 0:36:15]} 25. b5 {
[%clk 0:20:07]} 25... c3 {[%clk 0:35:46]} 26. Qc1 {[%clk 0:18:28]} 26... f5 {
[%clk 0:32:44]} 27. Qe1 {[%clk 0:15:51]} 27... f4 {[%clk 0:30:55]} 28. Ng1 {
[%clk 0:15:32]} 28... Rhf8 {[%clk 0:29:38]} 0-1

[Event "DEM U18w 2018"]
[Site "Willingen GER"]
[Date "2018.05.22"]
[Round "4"]
[White "Köhler, Inken"]
[Black "Lange, Cecilia"]
[Result "1/2-1/2"]
[Termination "normal"]
[Board "2"]
[WhiteElo "1879"]
[BlackElo "1929"]
[WhiteClock "00:15:41"]
[BlackClock "00:18:50"]
[PlyCount "56"]
[WhiteFideId "12929301"]
[BlackFideId "12976040"]
[EventCountry "GER"]
[EventRounds "9"]
[EventType "swiss"]
[EventDate "2018.05.19"]

1. Nf3 {[%clk 1:30:57]} 1... g6 {[%clk 1:30:30]} 2. g3 {[%clk 1:31:12]} 2...
Bg7 {[%clk 1:30:53]} 3. Bg2 {[%clk 1:31:32]} 3... c5 {[%clk 1:31:01]} 4. O-O {
[%clk 1:31:32]} 4... Nc6 {[%clk 1:31:20]} 5. d3 {[%clk 1:31:33]} 5... d5 {
[%clk 1:27:27]} 6. Nbd2 {[%clk 1:30:50]} 6... Nf6 {[%clk 1:21:21]} 7. e4 {
[%clk 1:30:01]} 7... dxe4 {[%clk 1:20:01]} 8. dxe4 {[%clk 1:30:17]} 8... O-O {
[%clk 1:19:00]} 9. Re1 {[%clk 1:29:40]} 9... h6 {[%clk 1:09:32]} 10. Qe2 {
[%clk 1:26:05]} 10... Be6 {[%clk 1:07:41]} 11. c3 {[%clk 1:23:31]} 11... Qd7 {
[%clk 1:03:31]} 12. h4 {[%clk 1:17:34]} 12... Rad8 {[%clk 0:59:54]} 13. Nf1 {
[%clk 1:10:51]} 13... Ng4 {[%clk 0:53:43]} 14. Bf4 {[%clk 1:05:38]} 14... Qd3 {
[%clk 0:48:51]} 15. Ne3 {[%clk 0:55:35]} 15... Qxe2 {[%clk 0:46:19]} 16. Rxe2 {
[%clk 0:56:00]} 16... Nge5 {[%clk 0:45:25]} 17. Nxe5 {[%clk 0:52:53]} 17...
Nxe5 {[%clk 0:45:37]} 18. Bxe5 {[%clk 0:34:40]} 18... Bxe5 {[%clk 0:42:56]} 19.
Nd5 {[%clk 0:34:58]} 19... Rd7 {[%clk 0:41:19]} 20. Rd2 {[%clk 0:34:22]} 20...
Rb8 {[%clk 0:36:36]} 21. Rad1 {[%clk 0:31:43]} 21... Kf8 {[%clk 0:31:01]} 22.
f4 {[%clk 0:28:04]} 22... Bh8 {[%clk 0:27:18]} 23. Bf3 {[%clk 0:25:55]} 23...
Ke8 {[%clk 0:24:24]} 24. Be2 {[%clk 0:24:08]} 24... a6 {[%clk 0:22:03]} 25. a4
{[%clk 0:24:04]} 25... Bxd5 {[%clk 0:19:22]} 26. Rxd5 {[%clk 0:22:32]} 26...
Rbd8 {[%clk 0:18:01]} 27. Rxd7 {[%clk 0:15:22]} 27... Rxd7 {[%clk 0:18:29]} 28.
Rxd7 {[%clk 0:15:41]} 28... Kxd7 {[%clk 0:18:50]} 1/2-1/2

[Event "DEM U18w 2018"]
[Site "Willingen GER"]
[Date "2018.05.22"]
[Round "4"]
[White "Rogozenco, Teodora"]
[Black "Poetsch, Leonore"]
[Result "0-1"]
[Termination "normal"]
[Board "3"]
[WhiteTitle "WFM"]
[WhiteElo "2090"]
[BlackElo "1902"]
[WhiteClock "00:00:42"]
[BlackClock "00:21:22"]
[PlyCount "60"]
[WhiteFideId "12938084"]
[BlackFideId "12940372"]
[EventCountry "GER"]
[EventRounds "9"]
[EventType "swiss"]
[EventDate "2018.05.19"]

1. d4 {[%clk 1:30:57]} 1... Nf6 {[%clk 1:30:52]} 2. c4 {[%clk 1:31:22]} 2... e6
{[%clk 1:31:18]} 3. Nc3 {[%clk 1:31:48]} 3... Bb4 {[%clk 1:31:43]} 4. Qc2 {
[%clk 1:32:04]} 4... d5 {[%clk 1:31:56]} 5. cxd5 {[%clk 1:32:28]} 5... Qxd5 {
[%clk 1:32:04]} 6. a3 {[%clk 1:22:05]} 6... Bxc3+ {[%clk 1:32:25]} 7. bxc3 {
[%clk 1:22:27]} 7... c5 {[%clk 1:30:48]} 8. e3 {[%clk 1:20:13]} 8... b6 { [%clk
1:28:54]} 9. f3 {[%clk 1:18:49]} 9... O-O {[%clk 1:24:34]} 10. e4 { [%clk
1:04:10]} 10... Qc6 {[%clk 1:23:55]} 11. e5 {[%clk 1:02:50]} 11... Nd5 { [%clk
1:23:27]} 12. c4 {[%clk 0:57:47]} 12... Ne7 {[%clk 1:14:51]} 13. Bd3 { [%clk
0:57:52]} 13... Bb7 {[%clk 1:13:51]} 14. Bxh7+ {[%clk 0:57:12]} 14... Kh8
{[%clk 1:14:18]} 15. Bd3 {[%clk 0:43:14]} 15... cxd4 {[%clk 1:06:23]} 16. Qf2 {
[%clk 0:38:36]} 16... Kg8 {[%clk 1:01:20]} 17. Qh4 {[%clk 0:21:11]} 17... Nf5 {
[%clk 0:56:42]} 18. Qh3 {[%clk 0:15:00]} 18... Qc5 {[%clk 0:48:47]} 19. g4 {
[%clk 0:11:02]} 19... Qxe5+ {[%clk 0:48:37]} 20. Ne2 {[%clk 0:10:44]} 20... Nh6
{[%clk 0:47:33]} 21. Bf4 {[%clk 0:10:44]} 21... Qa5+ {[%clk 0:46:09]} 22. Bd2 {
[%clk 0:11:08]} 22... Qe5 {[%clk 0:44:20]} 23. Bf4 {[%clk 0:05:01]} 23... Qa5+
{[%clk 0:44:13]} 24. Bd2 {[%clk 0:05:25]} 24... Qe5 {[%clk 0:44:22]} 25. Rb1 {
[%clk 0:05:47]} 25... Nd7 {[%clk 0:37:41]} 26. Rb5 {[%clk 0:06:10]} 26... Nc5 {
[%clk 0:37:27]} 27. Rxc5 {[%clk 0:06:36]} 27... Qxc5 {[%clk 0:37:45]} 28. Bxh6
{[%clk 0:06:57]} 28... Rfc8 {[%clk 0:31:14]} 29. Bd2 {[%clk 0:00:48]} 29...
Qxa3 {[%clk 0:22:20]} 30. Bg5 {[%clk 0:00:42]} 30... Qxd3 {[%clk 0:21:22]} 0-1